| 000 | 00449nam a2200181Ia 4500 | ||
|---|---|---|---|
| 001 | 2510 | ||
| 005 | 20260306144812.0 | ||
| 008 | 260306t2012||||xx |||||||||||||| ||spa|| | ||
| 041 | _aESP | ||
| 082 |
_a616.89142 _bC76 |
||
| 100 |
_aComeche Moreno, Ma. Isabel _eAUT |
||
| 245 | 0 | _aManual de terapia de conducta en la infancia | |
| 260 | _c2012 | ||
| 300 |
_a732 páginas : _c24 cm. |
||
| 650 | _aGEN | ||
| 654 | _aCPS | ||
| 942 |
_cLIB _dJUS _fJUS _2ddc _n |
||
| 999 |
_c2510 _d2510 |
||